|
|
|
|
| LEADER |
00897nam a22002177a 4500 |
| 005 |
20130730131648.0 |
| 008 |
130730s1984 enkak 000 0 eng d |
| 020 |
|
|
|a 0237507919
|
| 040 |
|
|
|a BD-DhAAL
|c BD-DhAAL
|
| 082 |
|
|
|2 19
|a 302.2
|
| 100 |
|
|
|a MacDonald, Ian
|9 2454
|
| 245 |
|
|
|a Communication skills for rural development /
|c Ian MacDonald and David Hearle.
|
| 260 |
|
|
|a London :
|b Evans Brothers,
|c 1984
|
| 300 |
|
|
|a vii, 119 p. :
|b ill., forms ;
|c 21 cm.
|
| 440 |
|
|
|a Evans books for rural development
|9 2455
|
| 650 |
|
|
|a Communication in agriculture
|z Developing countries.
|9 2456
|
| 650 |
|
|
|a Communication in rural development
|z Developing countries.
|9 2457
|
| 541 |
|
|
|e 3462
|
| 942 |
|
|
|2 ddc
|c BK
|
| 999 |
|
|
|c 13779
|d 13779
|
| 952 |
|
|
|0 0
|1 0
|2 ddc
|4 0
|6 302_200000000000000_IAN
|7 0
|9 23045
|a BRACUL
|b BRACUL
|c GEN
|d 2013-07-30
|g 0.00
|l 1
|o 302.2 IAN
|p 3010003462
|r 2019-05-15
|s 2019-05-13
|t 1
|w 2013-07-30
|y BK
|z Not price in Register
|